Hypotéky sú drahým produktom, ale najlacnejším zdrojom financovania bývania

Hypotekárne úvery sa stali najlacnejším zdrojom financovania bývania. Skrátenie rozhodovacích procesov pri udeľovaní hypotekárnych úverov. Poplatky súvisiace s poskytnutím úveru. Hypotekárne úvery schválené bankami s hypotekárnou licenciou v prvom polroku r. 2002. Hypotekárne úvery v komerčných bank...

Descrizione completa

Salvato in:
Dettagli Bibliografici
Autore principale: Kováčová, Jana
Natura: Capitolo di libro
Lingua:slovacco
Soggetti:
Tags: Aggiungi Tag
Nessun Tag, puoi essere il primo ad aggiungerne!!

MARC

LEADER 00000naa a2200000 4500
001 r045868
005 20230921114032.0
041 0 |a slo 
044 |a SK 
245 1 0 |a Hypotéky sú drahým produktom, ale najlacnejším zdrojom financovania bývania  |c Jana Kováčová 
520 |a Hypotekárne úvery sa stali najlacnejším zdrojom financovania bývania. Skrátenie rozhodovacích procesov pri udeľovaní hypotekárnych úverov. Poplatky súvisiace s poskytnutím úveru. Hypotekárne úvery schválené bankami s hypotekárnou licenciou v prvom polroku r. 2002. Hypotekárne úvery v komerčných bankách SR. 
610 2 0 |a úver hypotekárny 
610 2 0 |a bývanie 
610 2 0 |a financovanie 
610 2 0 |a poplatky 
610 2 0 |a banky obchodné 
610 2 0 |a licencie 
610 2 0 |a Slovensko 
610 2 0 |a 2002 
100 1 |a Kováčová, Jana